50 meistgenannte Harry Potter Charaktere - Statistiken

Allgemein
  • Dieses Quiz wurde 3.160 mal gespielt
    3.129 seit der letzten Aktualisierung
  • Das Durchschnittsergebnis liegt bei 39 aus 50
Antwortstatistiken
Erwähnungen Hinweis Antwort % Korrekt
18.956 Narbe auf der Stirn Harry Potter
100%
5.486 sehr intelligent Hermine Granger
100%
6.454 hatte eine Ratte als Haustier Ron Weasley
100%
2.421 Schulleiter von Hogwarts Albus Dumbledore
99%
1.797 Du weißt schon wer Lord Voldemort
98%
2.024 Halbriese Rubeus Hagrid
98%
1.956 Halbblutprinz Severus Snape
98%
1.198 Harrys Erzfeind in Hogwarts Draco Malfoy
97%
1.471 Der Gefangene von Askaban Sirius Black
97%
469 Hauself Dobby
95%
920 Zwilling Fred Weasley
93%
821 Zwilling George Weasley
93%
864 Werwolf Remus Lupin
93%
810 tollpatschig und sehr vergesslich Neville Longbottom
92%
771 öffnet die Kammer des Schreckens Ginny Weasley
91%
356 verträumte Ravenclaw Schülerin Luna Lovegood
91%
770 Hauslehrerin von Gryffindor Minerva McGonagall
88%
353 stirbt beim Trimagischen Turnier Cedric Diggory
87%
204 Eule Hedwig
86%
637 Rosa Kleidung Dolores Umbridge
84%
722 Mutter von sieben Kindern Molly Weasley
84%
780 Vater von sieben Kindern Arthur Weasley
82%
277 Teilnehmer des Trimagischen Turniers Viktor Krum
82%
583 magisches Auge Alastor "Mad-Eye" Moody
81%
220 Todesserin Bellatrix Lestrange
81%
215 Harrys erster Kuss Cho Chang
81%
486 Wurmschwanz Peter Pettigrew
81%
288 Hausmeister in Hogwarts Argus Filch
77%
258 Teilnehmerin des Trimagischen Turniers Fleur Delacour
76%
467 Big D Dudley Dursley
74%
426 Musterschüler, Vertrauensschüler von Gryffindor Percy Weasley
74%
530 Muggel, Oberhaupt seiner Familie Vernon Dursley
74%
228 kraftstrotzender und begriffsstutziger Slytherin Gregory Goyle
72%
314 lehnt jegliche Magie als abartig ab Petunia Dursley
72%
262 Schriftsteller, Lehrer für Verteidiung gegen die dunklen Künste Gilderoy Lockhart
70%
190 Alias: Krone James Potter
69%
249 weißblonde lange Haare Lucius Malfoy
68%
208 Kapitän der Quidditchmannschaft von Gryffindor Oliver Wood
67%
224 kraftstrotzender und begriffsstutziger Slytherin Vincent Crabbe
66%
295 wird von seinem Sohn umgebracht Bartemius "Barty" Crouch sr.
64%
432 Lehrer für Zaubertränke Horace Slughorn
64%
188 Reporterin des Tagespropheten Rita Kimmkorn
64%
179 teilt sich den Schlafsaal mit Harry und 3 weiteren Personen Seamus Finnigan
63%
493 britischer Zaubereiminister Cornelius Fudge
60%
262 Lehrerin für Wahrsagen Sybill Trelawney
60%
212 teilt sich den Schlafsaal mit Harry und 3 weiteren Personen Dean Thomas
58%
312 Hauself Kreacher
58%
242 Metamorphmagus Nymphadora Tonks
52%
302 lange rote Haare Bill Weasley
49%
246 Der Beste Treiber den die Wimbourner Wespen je hatten Ludo Bagman
25%
Keine übereinstimmenden Quizze gefunden
Verteilung der Resultate
Anzahl Personen mit jedem Resultat
Perzentil nach korrekt beantworteten Fragen
Ihre Resultats-Entwicklung
Sie haben dieses Quiz seit der letzten Aktualisierung nicht gespielt